| 000 | 00693nam a22002537a 4500 | ||
|---|---|---|---|
| 001 | 002591 | ||
| 003 | armpunfd | ||
| 005 | 20140612090710.0 | ||
| 008 | 121206s1996#xx#a##########000#0##nd#d | ||
| 020 | _a9508170328 | ||
| 040 |
_aarmpunfd _carmpunfd |
||
| 080 | _a347.9 D 444 | ||
| 100 | 1 | 0 | _aBenabentos, Omar A. (Director) |
| 245 | 1 | 0 | _aDerecho procesal civil y comercial. |
| 260 |
_aSanta Fe : _bJuris, _c1996. |
||
| 300 | _a331 p. | ||
| 650 | 7 |
_aDerecho Procesal _2LEMB |
|
| 650 | 7 |
_aEjecucion Procesal _2LEMB |
|
| 650 | 7 |
_aMercosur _2LEMB |
|
| 650 | 7 |
_aObligacion de probar _2LEMB |
|
| 650 | 7 |
_aUnificacion Procesal Iberoamericana _2LEMB |
|
| 942 |
_c _2cdu |
||
| 945 |
_asa _d2012-12-06 |
||
| 999 |
_c2481 _d232985 |
||